Normal view MARC view

Entry Nombre personal

Number of records used in: 1

001 - NÚMERO DE CONTROL

  • campo de control: 30084

003 - IDENTIFICADOR DEL NÚMERO DE CONTROL

  • campo de control: FranzMayer

005 - FECHA Y HORA DE LA ÚLTIMA TRANSACCIÓN

  • campo de control: 20251007181524.0

008 - DATOS DE LONGITUD FIJA

  • campo de control de longitud fija: 251007|| aca||aabn | a|a d

040 ## - FUENTE DE LA CATALOGACIÓN

  • Centro catalogador/agencia de origen: FranzMayer
  • Centro/agencia transcriptor: FranzMayer

100 ## - ENCABEZAMIENTO-NOMBRE DE PERSONA

  • Nombre de persona: Riego, Alonso del
  • Fechas asociadas al nombre: fl.1700-1762

670 ## - FUENTE DE DATOS ENCONTRADOS

  • Cita de la fuente: Work cat.: (FranzMayer)11096: Fouquet, Marie de Maupeou 1590-1681 autor 30078, Obras medico- chirurgicas de Madama Fouquet, economia de la salud del cuerpo humano/, 1750